000 01191nam a22002657a 4500
001 7509
003 FISKH
005 20250722144110.0
008 250722b cb ||||| |||| 00| 0 eng d
020 _a9780307479464
040 _aFISKH
_beng
_cFISKH
_dFISKH
050 _aPZ7
082 _a510
100 _aSylvan Learning
245 _aKindergarten fun with numbers :
_bFun games & activies to boost skills /
_cBy Sylvan Learning
250 _aFirst Edition
260 _aMaryland :
_bSylvan Learning Publishing ,
_c2012.
300 _a29 pages :
_bcolor illustrations ;
_c23 cm .
505 _aF
520 _aHave fun building math skills with Sylvan's proven techniques for success! Kindergarten Fun with Numbers helps children become familiar with numbers, counting, and shapes through engaging games. Students can learn and practice numbers while they: · Navigate a maze by following a path of numbers in order · Show the order of pictures in a story using ordinal numbers · Draw pictures using circles, triangles, and squares · And much more!
521 8 _a300
_bLexile estimate
521 8 _aF
_bRaz-Plus
942 _2ddc
_cBK
_n0
999 _c7509
_d7509